000 00442nam a2200157 4500
001 111111
003 ES-MaACL
005 20230906185237.0
007 t|
008 061121s1973 sp r ||||1| spa d
100 1 _aNagore Gómez, Eduardo.
_984850
245 1 0 _aFísica y química /
_cEduardo Nagore Gómez.
260 _aValencia :
_bLópez Mezquida,
_c1973.
300 _a333 p. :
_bil ;
_c21 cm.
852 _aES-MaACL
_jC-54888
_bR.87710
999 _c111111
_d111111